| 000 | 01367nam a2200361 a 4500 | ||
|---|---|---|---|
| 001 | 000004063 | ||
| 003 | DO-SdBNP | ||
| 005 | 20171023085549.0 | ||
| 007 | 000004063 | ||
| 008 | 090716s2007 dr 000 0 spa d | ||
| 020 | _a9789993442721 | ||
| 040 |
_aBPMSU _bspa _cBPMSU |
||
| 082 | 4 |
_a972.9342 _bM433s, 2007 |
|
| 100 | 0 |
_aMatos de la Rosa, Luis Enrique, _d1971- |
|
| 245 | 1 | 0 |
_aSan Juan de la Maguana : _buna introducción a su historia de cara al futuro / _cLuis Enrique Matos de la Rosa, José Enrique Méndez, Carlos Vicente Castillo. |
| 250 | _aEdición especial | ||
| 260 |
_aSanto Domingo : _bFerilibro, _c2007. |
||
| 300 |
_a386 p. : _bdiagr. ; _c23 cm. |
||
| 490 | 1 |
_aFerilibro ; _vno. 110 |
|
| 500 | _aIncluye índice | ||
| 504 | _aBibliográfica : p. 371-380 | ||
| 650 | 4 |
_aCIUDADES Y PUEBLOS _zREPÚBLICA DOMINICANA |
|
| 651 | 4 |
_aSAN JUAN DE LA MAGUANA (REPÚBLICA DOMINICANA) _xHISTORIA LOCAL |
|
| 651 | 4 |
_aSAN JUAN DE LA MAGUANA (REPÚBLICA DOMINICANA) _xVIDA SOCIAL Y COSTUMBRES |
|
| 700 | 1 | 2 | _aMéndez Díaz, José Enrique |
| 700 | 1 | 2 | _aCastillo, Carlos Vicente |
| 710 | _aDirección General de la Feria del Libro (República Dominicana) | ||
| 830 | 0 |
_aFerilibro ; _nno. 110 |
|
| 910 | _aValidado. Control de calidad MFF | ||
| 942 |
_2ddc _cBK |
||
| 945 | _aInventariado / 2017 VM | ||
| 956 |
_aVMATEO _b10 _c20150825 _lBPMSU _h00151 |
||
| 999 |
_c8223 _d8223 |
||